000 00768nmm a2200241 a 4500
001 ocm000701374
003 TR-IsHL
005 20201028135623.0
008 131209s1982 tu tur
007 cr cn
035 _a701374
_b(N$T)
050 0 4 _aHC415.35
_b.U46 1982
090 0 4 _aHC415.35
_b.U46 1982
245 1 0 _aUmman
_h[electronic resource]
260 _aİstanbul :
_bİstanbul Ticaret Odası,
_c1982
300 _a36 p.
650 4 _aEkonomi ve Finans
650 4 _aEconomics and Finance
650 0 _aUmman
_x Ekonomik koşullar
650 0 _aOman
_x Economic conditions
650 7 _aBUSINESS & ECONOMICS / Economic Conditions
_2bisacsh
856 4 0 _uhttp://search.ebscohost.com/login.aspx?direct=true&scope=site&db=e011xww&AN=701374
999 _c6840
_d6840